000 00238nam a2200097Ia 4500
001 1160011
005 20250827011559.0
008 250824s9999 xx 000 0 und d
245 0 _aBEN NEY İM
_cHAKAN MENGÜÇ
260 _bDESTEK YAYINLARI
999 _c1160011
_d1160011